000 00335nam a2200133Ia 4500
008 240624s9999 xx 000 0 und d
041 _aeng
082 _a339.47 KEL
100 _aKELLER MARGIT
245 _aROUTLEDGE HANDBOOK ON CONSUMPTION
260 _c2017
_aLondon
_bRoutledge
300 _axx, 487 p.; 23 cm.
365 _cBPS
_b38
999 _c30733
_d30733